| 000 | 01290nam a2200253Ia 4500 | ||
|---|---|---|---|
| 003 | Ost | ||
| 005 | 20260507075325.0 | ||
| 008 | 260507s9999||||xx |||||||||||||| ||und|| | ||
| 040 | _cfsecg | ||
| 041 | _aara | ||
| 082 | _a332.1 | ||
| 100 |
_aالبكري، أنس _eمؤلف |
||
| 245 | 0 |
_aالنقود و البنوك بين النظرية و التطبيق / _c أنس البكري |
|
| 260 |
_aعمان: _bدار المستقبل للنشر والتوزيع, _c2009 |
||
| 300 |
_a268 صفحة؛ _bإيضاحات ؛ _c24 سم |
||
| 504 | _aملاحق ص.213 ببليوغرافيا: ص.217 | ||
| 520 | _aالنقود و النظم النقدية و الاصدار النقدي، سوق النقد، الطلب و العرض على النقود، البنك المركزي و البنوك التجارية و البنوك الاسلامية، المؤسسات المالية المتخصصة، خلق النقود، الودائع ، السياسات النقدية و التضخم ، مع وجود أسئلة و تمارين في نهاية كل فصل | ||
| 653 | _aالبنوك | ||
| 653 | _aالبنوك الاسلامية | ||
| 653 | _aالبنوك التجارية | ||
| 653 | _aالنقود | ||
| 700 |
_aصافي، وليد _eمؤلف ثانوي |
||
| 942 | _cكتاب | ||
| 999 |
_c43960 _d43960 |
||